ბათუმის შოთა რუსთაველის სახელმწიფო უნივერსიტეტის ბიბლიოთეკა

თხზულებათა კრებული ოთხ ტომად. ტ.1 (ბიბ.ჩანაწერი № 43571)

000 -LEADER
fixed length control field 01084nam a2200217Ia 4500
001 - CONTROL NUMBER
control field 10304
003 - CONTROL NUMBER IDENTIFIER
control field GE_BSU
008 - FIXED-LENGTH DATA ELEMENTS--GENERAL INFORMATION
fixed length control field 181216s||||||||xx |||||||||||||| ||und||
040 ## - CATALOGING SOURCE
Transcribing agency GE_BSU
080 ## - UNIVERSAL DECIMAL CLASSIFICATION NUMBER
Universal Decimal Classification number 821.353.1-32
100 ## - MAIN ENTRY--PERSONAL NAME
Personal name ლორთქიფანიძე,ნიკო
245 ## - TITLE STATEMENT
Title თხზულებათა კრებული ოთხ ტომად. ტ.1
245 ## - TITLE STATEMENT
Remainder of title ტ.1:მოთხრობები
245 ## - TITLE STATEMENT
Statement of responsibility, etc. დ.ბენაშვილის შესავალი წერილით;რედ.:დ.ბენაშვილი,დ.გამეზარდაშვილი;მხატვ:გ.გორდელაძე.-საქ.სსრ მეცნ. აკადემია რუსთაველის სახელობის ქართული ლიტ.ისტორიის ინ-ტი
260 ## - PUBLICATION, DISTRIBUTION, ETC.
Place of publication, distribution, etc. თბილისი.
260 ## - PUBLICATION, DISTRIBUTION, ETC.
Name of publisher, distributor, etc. საბჭ.საქართველო
260 ## - PUBLICATION, DISTRIBUTION, ETC.
Date of publication, distribution, etc. 1958
300 ## - PHYSICAL DESCRIPTION
Extent 703გვ;1ფ.პორტ;23სმ.
653 ## - INDEX TERM--UNCONTROLLED
Uncontrolled term მოთხრობები
942 ## - ADDED ENTRY ELEMENTS (KOHA)
Koha item type წიგნი
ეგზემპლარები
Withdrawn status Lost status Damaged status Not for loan Date acquired Barcode Date last seen Price effective from Koha item type Public note
        2018-12-17 33880 2018-12-17 2018-12-17 წიგნი  
        2018-12-17 33881 2018-12-17 2018-12-17 წიგნი  
        2018-12-17 38110 2018-12-17 2018-12-17 წიგნი  
        2018-12-17 22283 2018-12-17 2018-12-17 წიგნი აგრარული ტექ.ფაკ.
        2018-12-17 22284 2018-12-17 2018-12-17 წიგნი აგრარული ტექ.ფაკ.
        2018-12-17 22285 2018-12-17 2018-12-17 წიგნი აგრარული ტექ.ფაკ.
        2018-12-17 22286 2018-12-17 2018-12-17 წიგნი აგრარული ტექ.ფაკ.
        2018-12-17 22287 2018-12-17 2018-12-17 წიგნი აგრარული ტექ.ფაკ.